[Event "Tenerife-chT Segunda"]
[Site "Tenerife"]
[Date "2023.04.15"]
[Round "10.2"]
[White "Diaz Garcia, Carlos Luis"]
[Black "Cabrera Gomez, Tomas"]
[Result "0-1"]
[WhiteElo "1280"]
[BlackElo "1628"]
[PlyCount "72"]
[EventDate "2023.01.14"]
[EventType "team-tourn"]
[EventRounds "14"]
[EventCountry "ESP"]
[SourceTitle "EXT 2024"]
[Source "ChessBase"]
[SourceDate "2023.10.10"]
[SourceVersion "1"]
[SourceVersionDate "2023.10.10"]
[SourceQuality "1"]
[WhiteTeam "Circulo de Amistad XII Enero III"]
[BlackTeam "Ebano Barrio Nuevo III"]
[WhiteTeamCountry "ESP"]
[BlackTeamCountry "ESP"]

1. d4 Nf6 2. Bf4 d6 3. Nf3 b6 4. h3 Bb7 5. e3 a6 6. Bd3 g6 7. Nbd2 Bg7 8. 0-0 0-0 9. a3 Nbd7 10. b4 c5 11. bxc5 bxc5 12. c3 Nd5 13. Qb3 Nxf4 14. exf4 Rb8 15. Qb1 Qa5 16. Qc1 cxd4 17. cxd4 Rfc8 18. Qe1 Qd8 19. Qe2 Ra8 20. Rfe1 Kf8 21. Rab1 Rc7 22. Qe3 Nf6 23. f5 Nd5 24. Qg5 h6 25. Qg3 g5 26. Bc4 Nc3 27. Rb3 Bxf3 28. Nxf3 Rxc4 29. Nd2 Rxd4 30. Qxc3 Rd5 31. Qe3 Rxf5 32. Reb1 Rc5 33. Ne4 Re5 34. Qb6 Rxe4 35. Qxd8+ Rxd8 36. Rb8 Ke8 0-1

[Event "Tenerife-chT Segunda"]
[Site "Tenerife"]
[Date "2023.02.04"]
[Round "4.1"]
[White "Diaz Luiz, Pedro"]
[Black "Diaz Garcia, Carlos Luis"]
[Result "1-0"]
[WhiteElo "1625"]
[BlackElo "1280"]
[PlyCount "59"]
[EventDate "2023.01.14"]
[EventType "team-tourn"]
[EventRounds "14"]
[EventCountry "ESP"]
[SourceTitle "EXT 2024"]
[Source "ChessBase"]
[SourceDate "2023.10.10"]
[SourceVersion "1"]
[SourceVersionDate "2023.10.10"]
[SourceQuality "1"]
[WhiteTeam "Al Shah Mat Los Realejos III"]
[BlackTeam "Circulo de Amistad XII Enero III"]
[WhiteTeamCountry "ESP"]
[BlackTeamCountry "ESP"]

1. e4 e5 2. Nf3 Nc6 3. Bb5 a6 4. Ba4 Nf6 5. 0-0 Be7 6. Bxc6 dxc6 7. Nxe5 Qd4 8. Nf3 Qxe4 9. Re1 Qd5 10. Nc3 Qd8 11. Qe2 h6 12. h3 Be6 13. d4 0-0 14. Bf4 Re8 15. a3 b5 16. Red1 Bd6 17. Qd2 Bxf4 18. Qxf4 Qc8 19. Re1 a5 20. b3 Nd5 21. Nxd5 cxd5 22. Ne5 c6 23. Re3 Ra7 24. Rg3 f6 25. Qxf6 g5 26. Qxh6 Rg7 27. Rxg5 Ree7 28. Ng6 Kf7 29. Nxe7 Qf8 30. Rxg7+ 1-0

[Event "Santa Cruz Christmas op 32nd"]
[Site "Santa Cruz"]
[Date "2022.12.23"]
[Round "6"]
[White "Diaz Garcia, Carlos Luis"]
[Black "Martinez Dubra, Mathias Nicolas"]
[Result "0-1"]
[WhiteElo "1294"]
[BlackElo "1616"]
[PlyCount "128"]
[EventDate "2022.12.15"]
[EventType "swiss"]
[EventRounds "9"]
[EventCountry "ESP"]
[SourceTitle "EXT 2024"]
[Source "ChessBase"]
[SourceDate "2023.10.10"]
[SourceVersion "1"]
[SourceVersionDate "2023.10.10"]
[SourceQuality "1"]

1. d4 Nf6 2. Bf4 d5 3. e3 a6 4. Bd3 Nc6 5. c3 h6 6. Nd2 e6 7. Ngf3 Nh5 8. Bg3 Nxg3 9. hxg3 Bd6 10. Nh2 e5 11. dxe5 Nxe5 12. Be2 Bf5 13. 0-0 Bd7 14. f4 Ng6 15. Ndf3 c6 16. Nd4 Qe7 17. Qd2 c5 18. Nc2 Bf5 19. Rfe1 Bxc2 20. Qxc2 Qxe3+ 21. Kh1 0-0 22. Bf3 Bxf4 23. Rxe3 Bxe3 24. Bxd5 Rad8 25. c4 Rd6 26. Qd3 Bd4 27. Nf3 Ne5 28. Nxe5 Bxe5 29. Re1 Bd4 30. b3 Rf6 31. Bxb7 Rg6 32. Bd5 Rg5 33. Qf3 Kh7 34. Kh2 f5 35. g4 Rxg4 36. g3 Rf6 37. Re6 Rf8 38. Rxa6 Rg5 39. a4 Be5 40. Kh3 Rb8 41. Re6 Rxg3+ 42. Qxg3 Bxg3 43. Kxg3 Rxb3+ 44. Kf4 Ra3 45. Kxf5 Rxa4 46. Re8 Ra7 47. Be4 g6+ 48. Kf6 Ra6+ 49. Ke5 Kg7 50. Kd5 Ra5 51. Rc8 g5 52. Rxc5 Ra7 53. Rc6 Rd7+ 54. Kc5 Re7 55. Rg6+ Kf7 56. Kd5 Rxe4 57. Kxe4 Kxg6 58. c5 Kf7 59. Kd5 g4 60. Kd6 g3 61. c6 g2 62. c7 g1Q 63. c8Q Qd4+ 64. Kc6 Qc4+ 0-1

[Event "Tenerife-chT Segunda"]
[Site "Tenerife"]
[Date "2021.02.27"]
[Round "1.2"]
[White "Diaz Garcia, Carlos Luis"]
[Black "Castilla Arteaga, Carlos David"]
[Result "0-1"]
[WhiteElo "1308"]
[BlackElo "1764"]
[PlyCount "86"]
[EventDate "2021.02.27"]
[EventType "team-tourn"]
[EventRounds "13"]
[EventCountry "ESP"]
[SourceTitle "EXT 2023"]
[Source "ChessBase"]
[SourceDate "2022.10.05"]
[SourceVersion "1"]
[SourceVersionDate "2022.10.05"]
[SourceQuality "1"]
[WhiteTeam "El Recreo"]
[BlackTeam "Smyslov Anaza"]
[WhiteTeamCountry "ESP"]
[BlackTeamCountry "ESP"]

1. d4 d5 2. Nf3 c6 3. Bf4 Nf6 4. e3 e6 5. Nbd2 h6 6. h3 Bd6 7. Ne5 Qc7 8. Be2 0-0 9. 0-0 Nbd7 10. Ndf3 Ne4 11. Nxd7 Bxd7 12. Ne5 Be8 13. f3 Nf6 14. c4 dxc4 15. Bxc4 Nd5 16. Bxd5 exd5 17. Rc1 g5 18. Bh2 f6 19. Ng4 Bxh2+ 20. Nxh2 Bh5 21. g4 Qg3+ 22. Kh1 Bg6 23. Qb3 Rfe8 24. Rc3 Re7 25. Qd1 Rae8 26. Qd2 Kg7 27. Ra3 a6 28. Rc1 h5 29. Rcc3 hxg4 30. Qg2 Qxg2+ 31. Kxg2 gxf3+ 32. Nxf3 Be4 33. Kf2 Kg6 34. Rc1 Rh7 35. Ng1 Bf5 36. Kg3 Reh8 37. b4 Bxh3 38. Nf3 Bf5 39. Ng1 Be4 40. Re1 Rh2 41. Re2 Rh1 42. Kf2 R8h2+ 43. Kf1 Rxg1+ 0-1

[Event "Tenerife Spring op"]
[Site "Tenerife"]
[Date "2020.03.06"]
[Round "1.3"]
[White "Diaz Garcia, Carlos Luis"]
[Black "Hernandez Leon, Sergio"]
[Result "0-1"]
[WhiteElo "1311"]
[BlackElo "2142"]
[PlyCount "80"]
[EventDate "2020.03.06"]
[EventType "swiss"]
[EventRounds "9"]
[EventCountry "ESP"]
[SourceTitle "EXT 2024"]
[Source "ChessBase"]
[SourceDate "2023.10.10"]
[SourceVersion "1"]
[SourceVersionDate "2023.10.10"]
[SourceQuality "1"]

1. d4 Nf6 2. Bf4 e6 3. e3 c5 4. c3 Nc6 5. Nf3 d5 6. Nbd2 Bd6 7. Ne5 Qc7 8. Ndf3 Nd7 9. Nxf7 Kxf7 10. Bxd6 Qxd6 11. Ng5+ Ke7 12. f4 Nf6 13. Bd3 cxd4 14. cxd4 Qb4+ 15. Qd2 Qxd2+ 16. Kxd2 Bd7 17. a3 Na5 18. Rab1 Rac8 19. Ke2 Rc7 20. b4 Nc4 21. Rhc1 h6 22. Nf3 Rhc8 23. Ne5 Nxe5 24. Rxc7 Rxc7 25. fxe5 Ne4 26. Bxe4 dxe4 27. Kd2 Ba4 28. Rb2 a6 29. g4 Kd8 30. h4 Rf7 31. Ke2 Bb5+ 32. Kd2 Rf2+ 33. Kc1 Rxb2 34. Kxb2 g5 35. hxg5 hxg5 36. Kc3 Be2 37. d5 exd5 38. Kd4 Bxg4 39. Kxd5 Bf5 40. Kd6 g4 0-1

[Event "Tenerife-ch Seniors"]
[Site "Tenerife"]
[Date "2020.01.24"]
[Round "5"]
[White "Marrero Hernandez, Roberto Javier"]
[Black "Diaz Garcia, Carlos Luis"]
[Result "1-0"]
[WhiteElo "1435"]
[BlackElo "1356"]
[PlyCount "67"]
[EventDate "2020.01.15"]
[EventType "swiss"]
[EventRounds "7"]
[EventCountry "ESP"]
[SourceTitle "CBM 195 Extra"]
[Source "ChessBase"]
[SourceDate "2020.05.31"]
[SourceVersion "1"]
[SourceVersionDate "2020.05.31"]
[SourceQuality "1"]

1. e4 e5 2. Nf3 Nc6 3. Bc4 Bc5 4. Nc3 Nf6 5. d3 0-0 6. Bg5 h6 7. Bh4 d6 8. Nd5 g5 9. Nxg5 Nxd5 10. Qh5 hxg5 11. Bxg5 Nf6 12. Qg6+ Kh8 13. Bxf6+ Qxf6 14. Qxf6+ Kg8 15. h4 Nb4 16. 0-0-0 d5 17. exd5 Bd6 18. h5 Kh7 19. h6 Rg8 20. Qxf7+ Kh8 21. Qf6+ Kh7 22. a3 Bg4 23. f3 Raf8 24. Qh4 Bxf3 25. gxf3 Rf4 26. Qh3 Na6 27. d4 e4 28. fxe4 Rfg4 29. e5 Be7 30. Bd3+ Kh8 31. h7 R8g7 32. Qh5 Rf4 33. Rdf1 Rxf1+ 34. Rxf1 1-0

[Event "Tenerife-ch Seniors"]
[Site "Santa Cruz"]
[Date "2019.02.22"]
[Round "7"]
[White "Cabrera Gomez, Tomas"]
[Black "Diaz Garcia, Carlos Luis"]
[Result "1-0"]
[WhiteElo "1667"]
[BlackElo "1400"]
[PlyCount "49"]
[EventDate "2019.02.01"]
[EventType "swiss"]
[EventRounds "7"]
[EventCountry "ESP"]
[SourceTitle "EXT 2024"]
[Source "ChessBase"]
[SourceDate "2023.10.10"]
[SourceVersion "1"]
[SourceVersionDate "2023.10.10"]
[SourceQuality "1"]

1. e4 e5 2. Nf3 Nc6 3. Bc4 Nf6 4. Ng5 d5 5. exd5 Nxd5 6. d4 Be7 7. Nxf7 Kxf7 8. Qf3+ Bf6 9. Bxd5+ Ke8 10. Bxc6+ bxc6 11. dxe5 Be7 12. Qxc6+ Bd7 13. Qc4 Qc8 14. 0-0 h6 15. Nc3 Rb8 16. Re1 Be6 17. Qc6+ Bd7 18. Qg6+ Kf8 19. e6 Be8 20. Qf5+ Kg8 21. Nd5 Qd8 22. Bf4 Rb5 23. c4 g6 24. Qe4 Rb8 25. Bxc7 1-0

[Event "Tenerife-ch Seniors"]
[Site "Santa Cruz"]
[Date "2019.02.01"]
[Round "1"]
[White "Hoyas Cebrian, Lucas"]
[Black "Diaz Garcia, Carlos Luis"]
[Result "1-0"]
[WhiteElo "1854"]
[BlackElo "1400"]
[PlyCount "53"]
[EventDate "2019.02.01"]
[EventType "swiss"]
[EventRounds "7"]
[EventCountry "ESP"]
[SourceTitle "EXT 2024"]
[Source "ChessBase"]
[SourceDate "2023.10.10"]
[SourceVersion "1"]
[SourceVersionDate "2023.10.10"]
[SourceQuality "1"]

1. f4 Nf6 2. Nf3 d5 3. e3 Nc6 4. Bb5 Bd7 5. b3 e6 6. Bb2 Be7 7. 0-0 0-0 8. d3 a6 9. Bxc6 Bxc6 10. Ne5 Bb5 11. c4 dxc4 12. bxc4 Be8 13. g4 h6 14. Nd2 Bc5 15. Qf3 c6 16. d4 Be7 17. h4 Nd7 18. Nxd7 Qxd7 19. g5 hxg5 20. hxg5 Qc8 21. Rf2 f6 22. Rh2 fxg5 23. Qh3 Bg6 24. Rf1 Bf6 25. fxg5 Bf5 26. Rxf5 exf5 27. g6 1-0